Finnish Vocab 6 (clickable) Quiz Stats

Quiz not verified by Sporcle

Also try: Language Grab Bag
Challenge
Share
Tweet
Embed
Score 0/20 Timer 05:00
0 Plays Today
% Correct
Saturday
84.8%
nothing
80.4%
Scandinavian, Nordic
73.9%
evening plans
71.7%
four
71.7%
telephone
69.6%
to ring
65.2%
modern art
65.2%
to see
63%
to meet
63%
% Correct
special
60.9%
agreed, ok
60.9%
art
58.7%
what kind of
56.5%
to be able to
56.5%
exhibit
54.3%
together
54.3%
to plan
52.2%
interesting
52.2%
in front of
52.2%

You're not logged in!

Compare scores with friends on all Sporcle quizzes.
Sign Up with Email
OR
Log In

You Might Also Like...

Show Comments

Extras

Top Quizzes Today


Score Distribution

Your Account Isn't Verified!

In order to create a playlist on Sporcle, you need to verify the email address you used during registration. Go to your Sporcle Settings to finish the process.